000
00340nam a2200145Ia 4500
100
_a
Schneider G.M & bruell S.C
942
_c
BK
654
_a
pascal
245
_a
Advanced programming and problem solving with pascal
260
_b
John wiley
_a
Singapore
_c
1987
082
_a
005.13P
300
_a
621
546
_a
ENGLISH
999
_c
32735
_d
32735